| 000 | 00958cam a22002771 4500 | ||
|---|---|---|---|
| 001 | sa 65000390 | ||
| 003 | DLC | ||
| 005 | 20260227112102.0 | ||
| 008 | 810818s1961 ii a b 000 0 tib | ||
| 010 | _asa 65000390 | ||
| 025 | _aPL480:I-Tib-12 | ||
| 035 | _a(OCoLC)7677148 | ||
| 040 |
_aDLC _cNIC _dOCl _dDLC |
||
| 042 | _apremarc | ||
| 050 | 0 | 0 |
_aBL1478.5.S3 _bD39 |
| 100 | 0 |
_adBaṅ pʻyug rghal-po, _dactive 1854. |
|
| 245 | 1 | 4 |
_aThe Samye monastery. _cTibetan text edited by Lokesh Chandra, with a foreword by Giuseppe Tucci. |
| 260 |
_aNew Delhi, _bInternational Academy of Indian Culture, _c1961. |
||
| 300 |
_a14, 314 p. _billus. _c29 cm. |
||
| 440 | 0 |
_aŚatapiṭaka, _vv. 14. |
|
| 440 | 0 |
_aBhoṭapiṭaka, _vv. 6 |
|
| 500 | _a"A reproduction of a historic guide to the earliest monastic complex of Tibet." | ||
| 504 | _aBibliographical footnotes. | ||
| 610 | 2 | 0 | _aSamye (Monastery : Cha-nang hsien, China) |
| 700 | 0 |
_aLokesh Chandra, _eed. |
|
| 999 |
_c61530 _d61530 |
||